000 00683nam a2200205Ii 4500
003 JO-AjNU
008 230606s9999||||xx |||||||||||||| ||und||
020 _a978-1-4051-3083-7 / 1-4051-3083-0
040 _aJO-AjNU
_beng
_erda
_cJO-AjNU
041 _aeng
050 1 4 _aP217.C65 2007
100 3 _aClark,John , Colin Yallop and Janet Fleetcher ,
_eauthor
_92170
245 0 3 _aAn Introduction to phonetics and Phonology
264 3 1 _aUSA: Blacc Well Publishing, 2007
300 _a487P
336 _atext
_btxt
_2rdacontent
337 _aunmediated
_bn
_2rdamedia
338 _avolume
_bnc
_2rdacarrier
650 4 _aPhonetics - Grammar - Comparative and general - Phonology
_92171
999 _aE1138
_c1138
_d1138